000 00264nam a2200097Ia 4500
001 1205683
005 20250827022751.0
008 250824s9999 xx 000 0 und d
245 0 _aSİZ ADAMI ÖLMEKDEN GÜLDÜRÜRSÜNÜZ
_cÖMER SEVİNÇGÜL
260 _bCARPEDİEM
999 _c1205683
_d1205683